Statistics for 1960s American TV Trivia

Click here to take the quiz!

General Stats

  • This quiz has been taken 8,809 times
  • The average score is 14 of 20

Answer Stats

QuestionAnswer% Correct
What body part did Samantha wiggle to cast her magic spells?Her Nose
94%
Whose punches sounded like "biff", "pow", "sock", and "splat"?Batman's
91%
Fill in the blank: This tape will ____ ________ in five secondsSelf-Destruct
89%
What famous horse could talk, of course?Mr. Ed
83%
What show had a movie star, a professor, a skipper, and a millionaire?Gilligan's Island
80%
What show was called an "aquatic Lassie"?Flipper
79%
Who was the daughter of Fred and Wilma Flintstone?Pebbles
79%
What show was eerily similar to "The Addams Family"?The Munsters
78%
On whose show did the Beatles famously appear in 1964?Ed Sullivan's
76%
What was Theodore Cleaver better known as?The Beaver
76%
To which city did the Clampett family move after striking "black gold"?Beverly Hills
74%
What show's theme song said "Farm livin' is the life for me"?Green Acres
69%
What stretchy green children's character had a horse named Pokey?Gumby
69%
In what town was "The Andy Griffith Show" set?Mayberry
68%
What interstellar show had what some consider to be TV's first inter-racial kiss?Star Trek
57%
What type of man was the Fugitive searching for?One-Armed
57%
Where did the Robinson family get lost?Space
53%
What show brought us the quotes "Sock it to me" and "Verry interesting .... but schtupid"?Laugh-In
49%
What show starred Bruce Lee as Kato?The Green Hornet
41%
Who starred as "ideal" 1960s housewife Donna Stone?Donna Reed
41%

Score Distribution

Percentile by Number Answered

Percent of People with Each Score

Your Score History

You have not taken this quiz